000 00616nam a22001937a 4500
003 OSt
005 20161019132724.0
008 161019b xxu||||| |||| 00| 0 eng d
020 _a9780470170823
040 _cDDC.
082 _a681.2WIR 2010;
100 _aNayak,Amiya;Stojmenovic,Ivan;
_911219
245 _aWireless Sensor and Actuator Network;
_bAlgolithms and Protocals for scalable Coordination and Data Communication;
260 _a New Jersey;
_bJohn Wiley and Sons.
_c2010;
300 _axv,300p;
_bill:
_c26cm.
504 _aincludes index.
650 _aData communication;
_910947
942 _2ddc
_cO_SHELF
999 _c5364
_d5364